000 00672nam a22001937a 4500
005 20240216111958.0
010 _aENG-139310
020 _c825.00
_a9788177587623
035 _aEN-122842
037 _bDBAD/PUB
082 _a658.403
_21
100 _aDyche, Jill
_962197
245 _aThe CRM Handbook:
_bA Business Guide to Customer Relationship Management/
_cBy Jill Dyche
250 _a1
260 _aUttar Pradesh
_bPearson India Education Pvt Ltd
_c2023
270 _bUttar Pradesh
_a15th FLoor, Tower-B, World Trade Tower, Plot No.1, Block- C, Sector-16, Noida
_e201301
300 _avpp.
_c24cm(pb)
_bIndex
942 _2ddc
_cEN
_h658.403
_mDYC
_e1
999 _c200836
_d200836